00550nam a2200193 a 450000100060000000300080000600500170001400800390003103500190007004000230008904100080011208200270012010000290014724500540017626000380023030000210026850400200028965100470030925962BD-RjUL20211209050942.0140319s1981 ii 001 0 eng a(BD-RjUL)26032 aDLCcDLCdDLCbeng aeng00a954.9205219bSEB 19812 aSen Gupta, Jyoti,d1915-10aBangladesh, in blood and tears /cJyoti Sengupta. aCalcutta :bNaya Prokash,cc1981. a158 p. ;c22 cm. aIncludes index. 0aBangladeshxPolitics and governmenty1971-